| 000 | 00607pam a2200217 a 4500 | ||
|---|---|---|---|
| 001 | 4786517 | ||
| 005 | 20180205035313.0 | ||
| 008 | 870806s1988 nyua b 001 0 eng | ||
| 010 | _a 87019342 | ||
| 020 | _a0138543240 | ||
| 040 |
_aDLC _cDLC _dDLC |
||
| 041 | _aeng | ||
| 080 | _a004.21 DOW | ||
| 082 | 0 | 0 |
_a004.21 DOW _219 |
| 100 | 1 | _a28 | |
| 101 | _aSHK | ||
| 245 | 1 | 0 |
_aStructured systems analysis and design method : _cEd Downs, Peter Clare, Ian Coe. |
| 504 | _aBibliography: p. 208-210. | ||
| 906 |
_a7 _bcbc _corignew _d1 _eocip _f19 _gy-gencatlg |
||
| 942 |
_2ddc _cBK |
||
| 999 |
_c41729 _d41729 |
||